000 01354nam a2200121Ia 4500
008 220620s9999||||xx |||||||||||||| ||und||
245 0 _aEnhancement of Industrial Energy Efficiency and Sustainability
546 _aEnglish[eng]
650 _acontaminated soil||polluted soil||thermal desorption||thermal remediation||energy analysis and exergy analysis||energy saving||heat integration||operability||retrofit||oil refinery||interviews||heat transfer||waste heat recovery||dusty flue gas||granular bed||buried tubes||iron and steel industry||techno-economic pathways||decarbonization||CO2 emissions||carbon abatement measures||construction||building||supply chain||roadmap||heavy industry||carbon abatement||emissions reduction||climate transition||multi-agent cooperation||reduced-dimension Q(λ)||optimal carbon-energy combined-flow||energy efficiency||compressed air systems||energy efficiency measures||nonenergy benefits||assessment factors||industrial energy efficiency||energy efficiency culture||energy efficiency practices||energy management||cogeneration||trigeneration||sustainability||tropical climate country||biomass||advanced exergoeconomic analysis||spray dryer||exergy destruction cost rate||energy management practices||assessment model
700 _aTrianni, Andrea
856 _uhttps://mdpi.com/books/pdfview/book/3429
942 _cEB
999 _c22506
_d22506